000 00277nam a22001217a 4500
008 181224b xxu||||| |||| 00| 0 eng d
041 _aeng
080 _a510
100 _a36
101 _aMAT
245 _aInsights Into Modern Mathematics
_cWashington,D.C
942 _2udc
_cBK
999 _c53743
_d53743